| 000 | 00561nam a22001697a 4500 | ||
|---|---|---|---|
| 999 |
_c18774 _d18774 |
||
| 008 | 240126b ||||| |||| 00| 0 eng d | ||
| 020 | _a9781774695302 | ||
| 082 |
_22023 _aDC 537.6223 _bSh922 |
||
| 100 |
_aShukla, S.N. _950835 |
||
| 245 |
_aOrganic semiconductors for optoelectronics / _cS.N Shukla. |
||
| 260 |
_aCanada : _bArcler Press, _c©2023. |
||
| 300 |
_axxvi, 240 pages : _bcolor illustrations ; _c24 cm. |
||
| 500 | _aIncludes references and index. | ||
| 650 |
_aOrganic semiconductors. _951643 |
||
| 650 |
_aOptoelectronics. _951644 |
||
| 942 |
_2ddc _cDC |
||